000
00249nam a2200097Ia 4500
001
709722
005
20250826162552.0
008
250824s9999 xx 000 0 und d
245
0
_a
BİLGİSAYARLAR VE ROBOTLAR
_c
PETER CLAUSEN
260
_b
TUDEM YAYINLARI
999
_c
709722
_d
709722